Histoire de la linguistique. De Sumer à Saussure.
Shranjeno v:
| Glavni avtor: | |
|---|---|
| Format: | Knjiga |
| Jezik: | angleščina |
| Izdano: |
Paris, France:
Presses Universitaires de France,
1991.
|
| Serija: | PUF fondamental.
|
| Teme: | |
| Oznake: |
Označite
Brez oznak, prvi označite!
|
MARC
| LEADER | 00000nam a22000007a 4500 | ||
|---|---|---|---|
| 003 | CL-VaPUC | ||
| 005 | 20220822114712.0 | ||
| 008 | 220725t1991 ||||| |||| 00| 0 eng d | ||
| 999 | |c 437465 |d 437463 | ||
| 020 | |a 2-13-043357-X | ||
| 040 | |c Pontificia Universidad Católica de Valparaíso | ||
| 082 | |2 22 |a 410.9 MAL 1991 | ||
| 100 | |9 469144 |a Malmberg, Bertil |e autor | ||
| 245 | |a Histoire de la linguistique. |b De Sumer à Saussure. | ||
| 260 | |a Paris, France: |b Presses Universitaires de France, |c 1991. | ||
| 300 | |a 496 páginas. | ||
| 490 | |a PUF fondamental. | ||
| 500 | |a c.1 Donación Familia Prof. Alejandro Guzmán Brito. | ||
| 583 | |c 20220725 |k Yessy Sthefany Diaz Vidal | ||
| 600 | 0 | |9 302327 |a Saussure, Ferdinand de | |
| 650 | 0 | |9 265068 |a Lingüística |x Historia | |
| 650 | 0 | |9 265068 |a Lingüística |z Sumeria | |
| 942 | |2 ddc |c BK |n 0 | ||
| 952 | |0 0 |1 0 |2 ddc |4 0 |6 410_900000000000000_MAL_1991 |7 0 |8 C_AGB |9 585233 |a BIBDER |b BIBDER |d 2022-07-25 |e Donación |i 5653266 |o 410.9 MAL 1991 |p 5653266 |r 2023-01-25 |t 1 |w 2022-07-25 |y BK_US |k AGB | ||